02691cam a2200361 i 4500001001300000003000600013005001700019008004100036020002600077035002200103040003700125041001200162050002600174100002900200245006500229264004000294264001100334300002400345490003700369520049100406520108200897586002201979650003102001650002002032650003502052650004002087650003202127650002602159651003102185655001902216655003402235800006002269on1479668688OCoLC20251014174508.0250324s2025 nyu 000 0 eng d a9780593474020q(pbk.) a(OCoLC)1479668688 aYDXbengcYDXdWRMdOCLCQdOCLCO aEnglish00aPS3616.E785bH69 2025 aPerrin, Kristeneauthor.10aHow to solve your own murder b: a novel c/ Kristen Perrin. 1a[New York] :bDutton,c[March 2025] 4c©2024 a369 pages ;c24 cm.1 a[Castle Knoll files] ;v[book 1] a"A dual narrative, feel good mystery in which a woman, Frances, spends a lifetime trying to prevent her murder as predicted by a fortune teller at a country fair when she was just 17. When she is in fact murdered nearly 60 years later, her great niece Annie must solve the crime to avenge her great aunt's death, and in so doing uncovers the dark heart of the quaint English village of Castle Knoll, where she might just find herself in the path of the killer"--cProvided by publisher. aFrances Adams always said she’d be murdered. She was right. In 1965, Frances Adams is at an English country fair where a fortune-teller makes a bone-chilling prediction: One day, Frances will be murdered. It is a prediction that sparks her life’s work—trying to solve a crime that hasn’t happened yet. Nearly sixty years later, Annie Adams is summoned to a meeting at the sprawling country estate of her wealthy and reclusive great-aunt Frances. But by the time Annie arrives in the quaint English village of Castle Knoll, Frances is found murdered, just like she always said she would be. Annie is determined to catch the killer, but thanks to Frances’s lifelong habit of digging up secrets and lies, it seems every endearing and eccentric villager might just have a motive for her murder. Can Annie safely unravel the dark mystery at the heart of Castle Knoll, or will dredging up the past throw her into the path of a killer? As Annie gets closer to the truth, and closer to danger, she starts to fear she might inherit her aunt’s fate instead of her fortune. aAlex Awards, 2025 0aFortune-telling.vFiction. 0aMurdervFiction 0aMurderxInvestigationvFiction 0aInheritance and successionvFiction 0aFate and fatalismvFiction. 0aGreat-auntsvFiction. 0aEnglandxFictionvFiction. 0aCozy mysteries 0aDetective and mystery fiction aPerrin, Kristen,tCastle Knoll murder mystery ;vbk. 1.